000
00221 a2200109 4500
020
_a
9781558857766
041
_a
spa
100
_a
Rene Saldaą
245
_a
El misterio del malvado Marcador
942
_c
BK
952
_7
1
999
_c
24150
_d
24150